| 000 | 00552nam a2200205Ia 4500 | ||
|---|---|---|---|
| 003 | OSt | ||
| 005 | 20250701100225.0 | ||
| 008 | 210210b1956 xxu||||| |||| 00| 0 eng d | ||
| 040 | _cAL | ||
| 041 | _aKannada | ||
| 082 | _aK894.4 CHAK | ||
| 100 |
_aCHA RA. _9196327 _dಚ ರ |
||
| 245 |
_aKadalakareya chitragalu. _bಕಡಲಕೆರೆಯ ಚಿತ್ರಗಳು |
||
| 260 |
_aSomeshvara _bPrayoga Prakashana _c1956 |
||
| 300 | _a106,ii | ||
| 650 |
_aKaravali _9196328 |
||
| 690 |
_aKannada Prose _9196329 |
||
| 906 | _a045380 | ||
| 942 |
_2ddc _cBK |
||
| 999 |
_c94728 _d94728 |
||